000 00685cab a2200229 4500
001 WB3205-40
008 090401t1996 xxu||||| |||| 00| 0 eng d
035 _a(Sirsi) u14277
041 _aeng
245 _aRICS appoints insurance adviser
260 _c1996
350 _a0
490 _aRICS Press Release
_v(PR9.corp) 26 January 1996, (2)
520 _aThe RICS has appointed Miller Professional Liabilities Ltd as insurance consultant and adviser to the institution.
650 _aINSURANCE ADVISERS
650 _aINSURANCE SERVICES
650 _aMILLER PROFESSIONAL LIABILITIES LTD
650 _aRICS
690 _aInsurance
_96249
942 _n0
948 _c04/03/1997
999 _c9281
_d9281